|
|
|
|
| LEADER |
01289nam a2200313 4500 |
| 001 |
c000139934 |
| 003 |
CARM |
| 005 |
00000000000000.0 |
| 008 |
740131s1973 caua b 00010 eng |
| 019 |
1 |
|
|a 517807
|z 58009191
|5 LACONCORD2021
|
| 020 |
|
|
|a 0870931644
|
| 035 |
|
|
|a (OCoLC)810391
|5 LACONCORD2021
|
| 043 |
|
|
|a n-us-ca
|
| 050 |
0 |
0 |
|a HD211.C2
|b W57
|
| 100 |
1 |
|
|a Wittenburg, Mary Sainte Therese.
|
| 245 |
1 |
4 |
|a The Machados & Rancho La Ballona;
|b the story of the land and its ranchero, Jose Agustin Antonio Machado, with a genealogy of the Machado family,
|c by Sister Mary Ste. Therese Wittenburg.
|
| 260 |
|
|
|a Los Angeles,
|b Dawson's Book Shop,
|c 1973.
|
| 300 |
|
|
|a 72 p.
|b illus.
|c 28 cm.
|
| 500 |
|
|
|a "325 copies printed ... [no.] 306."
|
| 504 |
|
|
|a Bibliography: p. 67-72.
|
| 600 |
1 |
0 |
|a Machado, Jose Agustin Antonio,
|d 1794-1865.
|
| 650 |
|
0 |
|a Land tenure
|z California
|x History.
|
| 650 |
|
0 |
|a Land grants
|z California
|x History.
|
| 651 |
|
0 |
|a California
|x Colonization.
|
| 651 |
|
0 |
|a California
|x History.
|
| 852 |
8 |
|
|b CARM
|h A2:AF35D5
|i D01165
|p 0073500
|f BK
|
| 082 |
0 |
4 |
|a 333.3/232/0979493
|
| 999 |
f |
f |
|i 20dba769-0e9e-5cd5-a157-761b0b674ebd
|s 8a52e597-4dee-54ec-9651-6dd4bfb0bf82
|
| 952 |
f |
f |
|p Can circulate
|a CAVAL
|b CAVAL
|c CAVAL
|d CARM 1 Store
|e D01165
|f A2:AF35D5
|h Other scheme
|i book
|m 0073500
|